EKOMSTAT '95. 9. škola štatistiky štatistické riadenie kvality

Guardado en:
Detalles Bibliográficos
Otros Autores: Chajdiak, Jozef
Formato: Libro
Lenguaje:eslovaco
Publicado: Bratislava Slovenská štatistická a demografická spoločnosť 1995
Edición:1. vyd.
Materias:
Etiquetas: Agregar Etiqueta
Sin Etiquetas, Sea el primero en etiquetar este registro!

MARC

LEADER 00000nam a2200000 4500
001 c012124
005 20240111124738.9
020 |a 80-967343-1-8 
041 0 |a slo 
044 |a SK 
245 1 0 |a EKOMSTAT '95. 9. škola štatistiky  |b štatistické riadenie kvality  |c Hl. zost. Jozef Chajdiak 
250 |a 1. vyd. 
264 1 |a Bratislava  |b Slovenská štatistická a demografická spoločnosť  |c 1995 
300 |a 58 s. 
610 2 0 |a štatistika 
610 2 0 |a proces výrobný 
610 2 0 |a výroba 
610 2 0 |a riadenie kvality 
610 2 0 |a softvér 
610 2 0 |a kvalita výrobkov 
700 1 |a Chajdiak, Jozef